000 00462nam a2200157 i 4500
001 65288
003 ES-MaACL
005 20230906165335.0
007 t|
008 040112s1973 sp ||||1| spa d
100 1 _aFreije Uriarte, Antonio.
_952450
245 1 0 _aPlanificación a corto plazo y control de dirección /
_cpor Antonio Freije Uriarte.
260 _aMadrid :
_bI.E.E.,
_c[1973]
300 _a420 p. ;
_c22 cm.
852 _aES-MaACL
_jC-55124
_bR.87554
999 _c65288
_d65288